| 000 | 00738nam a2200241 i 4500 | ||
|---|---|---|---|
| 001 | bgj | ||
| 245 | 0 | 0 |
_aKarin Struck / _cHerausgegeben von Hans Adler und Hans Joachim Schrimpf. |
| 260 |
_aFrankfurt am Main : _bSuhrkamp, _c1984. |
||
| 300 |
_a401, [1] S. ; _c18 cm. |
||
| 490 | 1 |
_aSuhrkamp Taschenbuch Materialien ; _v2038 |
|
| 504 | _aBibliographie S. 383-[402]. | ||
| 600 | 1 | 9 | _aStruck, Karin, 1947-2006 |
| 655 | _aKritik und Interpretation | ||
| 700 | 1 |
_aALDER, Hans. _eHrsg. |
|
| 700 | 1 |
_aSCHRIMPF, Hans Joachim. _eHrsg. |
|
| 830 | _aSuhrkamp Taschenbuch Materialien ; | ||
| 020 | _a3518385380 | ||
| 040 | _cBPK | ||
| 041 | 0 | _ager | |
| 920 | _a3-518-38538-0 | ||
| 942 | _cKS | ||
| 008 | s gw f |000 0 ger | ||
| 999 |
_c50356 _d50356 |
||
| 856 |
_uhttp://koha.tu.koszalin.pl/cgi-bin/koha/opac-detail.pl?biblionumber=50356 _yKatalog online BPK |
||